000 01042nam0a22002411 4500
001 rc\445198
005 20030616171336.4
035 _a(NLR Aleph) 005690685
090 _a7172566
_c7172566
100 _a20030616d1987 u |0rusy50 ca
101 0 _arus
102 _aRU
105 _aa |||||||||
200 1 _aСистемный подход к анализу учебно-воспитательного процесса и определению путей его совершенствования
_eИнтегратив. характеристики учеб.-воспитат. процесса и оценка его эффективности
_eУчеб. пособие
_fМос. автомоб.-дор. ин-т
210 _aМ.
_cМАДИ
_d1987
215 _a105 с.
_cил.
_d20
320 _aБиблиогр.: с. 100-105 (102 назв.)
700 1 _aСквирский
_bВ. Я.
_gВалентин Яковлевич
801 0 _aRU
_bNLR
_gpsbo
801 1 _aRU
_bELAR
_2rusmarc
852 _aNLR
_j88-3/947
942 _cBOOK
980 _aNB